|
|
|
|
| LEADER |
00000naa a2200000uu 4500 |
| 001 |
vtls011094129 |
| 003 |
SK-MaSNL |
| 005 |
20260302141221.0 |
| 008 |
210824|1997 xo |||||||||||||||||eng| |
| 015 |
|
|
|a SNBRA
|
| 035 |
|
|
|a (urnnbn)urn:nbn:sk:snk:ar-a0csvs
|
| 035 |
|
|
|a (uuid)347665d3-0811-4301-8adc-59f21d613824
|
| 035 |
|
|
|a urn:nbn:sk:snk-aavyjc
|
| 040 |
|
|
|a SNKBUCL
|b slo
|c SNKBUCL
|e AACR2
|
| 041 |
0 |
|
|a eng
|
| 044 |
|
|
|a xo
|c SK
|
| 100 |
1 |
|
|a Budič, Ivan M.
|4 aut
|9 828259
|
| 245 |
1 |
0 |
|a MATHEMATICAL MODEL FOR VOLUMETRIC DENSITY DETERMINATION OF HYDRATED MAGNESIUM OXIDE IN FUNCTION OF OXIDISING TEMPERATURE AND DEGREE OF HYDRATION
|c Ivan M. BUDIČ, Radoslav B. IGNJATOVIČ, Zoran S. MARKOVIČ
|
| 700 |
1 |
|
|a Ignjatovič, Radoslav B.
|4 aut
|9 828260
|
| 700 |
1 |
|
|a Markovič, Zoran S.
|4 aut
|9 828258
|
| 773 |
0 |
|
|t Metallurgy, refractories and environment : international conference
|d V Košiciach : Ústav metalurgie a materiálov HF TU, 1997
|g S. 92-97
|z 8070992808
|
| 958 |
|
|
|a OND
|
| 958 |
|
|
|a article12
|
| 958 |
|
|
|a chapter
|
| 999 |
|
|
|c 1334849
|d 1336779
|